Statystyki dla Najpopularniejsze utwory Taco Hemingwaya.

Kliknij tutaj aby rozwiązać quiz!

Ogólne statystyki

  • Ten quiz został rozwiązany 133 razy
  • Średni wynik to 8 z 15

Statystyki odpowiedzi

WyświetleniaGośćUtwór% Poprawnych
33 mlnDawid PodsiadłoW PIĄTKI LEŻĘ W WANNIE
81%
47 mlnDeszcz na betonie
80%
35 mlnNostalgia
75%
30 mln6 zer
69%
34 mlnPolskie Tango
67%
39 mlnFiji
62%
28 mlnNastępna stacja
62%
13 mlnDawid Podsiadło i Rosalie.SANATORIUM
58%
28 mlnTlen
46%
19 mlnChodź
42%
15 mlnLECI NOWY FUTURE
36%
15 mlnWIATR
35%
19 mlnWszystko jedno
33%
10 mlnKABRIOLETY
28%
11 mlnGłupi byt
18%

Rozkład punktacji

Percentyl według liczby udzielonych odpowiedzi

Procent ludzi z każdym wynikiem

Twoja historia wyników

Nie rozwiązałeś tego quizu